000 00402nam a22001457a 4500
999 _c6038
_d6038
110 _aRepublic of Ghana
245 _aHigh court (civil procedure) rule, 2004
_b(C.I. 47)
_cby the Republic of Ghana
246 _aActs of Parliament
260 _aAccra
_bAssembly Press
_c2004
300 _a397p.
440 _aActs of Parliament.
650 _aCivil procedure
650 _aHigh Court Rule.
942 _cREF